The cambridge concise encyclopedia new updated edition / (Record no. 346906)
[ view plain ]
| 000 -LEADER | |
|---|---|
| fixed length control field | 01404 a2200181 4500 |
| 020 ## - INTERNATIONAL STANDARD BOOK NUMBER | |
| International Standard Book Number | 0521471613 (hardcover) |
| 020 ## - INTERNATIONAL STANDARD BOOK NUMBER | |
| International Standard Book Number | 9780521471619 (hardcover) |
| 082 04 - DEWEY DECIMAL CLASSIFICATION NUMBER | |
| Classification number | 031 |
| 090 ## - LOCALLY ASSIGNED LC-TYPE CALL NUMBER (OCLC); LOCAL CALL NUMBER (RLIN) | |
| -- | 4463 |
| -- | 4463 |
| 100 1# - MAIN ENTRY--PERSONAL NAME | |
| Personal name | Crystal, David. |
| 245 14 - TITLE STATEMENT | |
| Title | The cambridge concise encyclopedia new updated edition / |
| Statement of responsibility, etc. | David Crystal. |
| 250 ## - EDITION STATEMENT | |
| Edition statement | Updated ed. |
| 260 ## - PUBLICATION, DISTRIBUTION, ETC. | |
| Place of publication, distribution, etc. | [S.l.] : |
| Name of publisher, distributor, etc. | Cambridge University Press, |
| Date of publication, distribution, etc. | 1994. |
| 300 ## - PHYSICAL DESCRIPTION | |
| Extent | 965 p. ; |
| Dimensions | 24 cm. |
| 520 ## - SUMMARY, ETC. | |
| Summary, etc. | Revised and updated for this new edition, The Cambridge Concise Encyclopedia is a superb, rapid-response reference tool for home, school and office - in fact wherever quick answers are required. Its clear, easy-to-read entries - nearly 20,000 of them on all topics - contain the essential information for the 1990s. The Cambridge Concise Encyclopedia is not only the most comprehensive and up-to-date portable reference book available, it is also the most user-friendly - due to its wealth of maps, diagrams and its unique Ready-Reference section. No other book of its kind offers such superb value for money. - Over 19,000 entries - Over 750,000 words - 100-page Ready Reference section - 570 maps, panels and drawings - 26,000 cross-references enabling rapid information retrieval - Over 100 internationally-renowned contributors. |
| 856 40 - ELECTRONIC LOCATION AND ACCESS | |
| Materials specified | Amazon.com |
| Uniform Resource Identifier | <a href="http://www.amazon.com/exec/obidos/ASIN/0521471613/chopaconline-20">http://www.amazon.com/exec/obidos/ASIN/0521471613/chopaconline-20</a> |
| 942 ## - ADDED ENTRY ELEMENTS (KOHA) | |
| Institution code [OBSOLETE] | NBS |
| Koha item type | Book |
| Call number prefix | 031 CAM |
| Withdrawn status | Lost status | Damaged status | Not for loan | Permanent Location | Current Location | Date acquired | Full call number | Barcode | Date last seen | Price effective from | Koha item type |
|---|---|---|---|---|---|---|---|---|---|---|---|
| Central Library (CL) | Central Library (CL) | 08/28/2013 | 031 CAM | NBS1731 | 08/28/2013 | 08/28/2013 | Reference |
